| 000 | 00663nam a2200205 i 4500 | ||
|---|---|---|---|
| 001 | 128797 | ||
| 003 | ES-MaACL | ||
| 005 | 20230906193349.0 | ||
| 007 | t| | ||
| 008 | 070525s1972 sp ||||1| spa d | ||
| 080 | _a528(02) | ||
| 100 | 1 |
_aTaton, Robert. _9109395 |
|
| 245 | 1 | 0 |
_aTopografía subterránea / _cRobert Taton ; [traducción de Valero Guillén Parro, Mª Mercedes Garrido Bueso]. |
| 260 |
_aMadrid : _bParaninfo, _c1972. |
||
| 300 |
_a186 p. : _bil. ; _c22 cm. |
||
| 650 | 4 |
_aTopografía minera. _9162215 |
|
| 700 | 1 |
_aGuillén Parro, Valero. _960789 |
|
| 700 | 1 |
_aGarrido Bueso, María Mercedes. _955689 |
|
| 852 |
_aES-MaACL _jC-41121 _bR.80267 |
||
| 999 |
_c128797 _d128797 |
||